[Event "Montreal Pere Noel op"]
[Site "Montreal"]
[Date "2014.12.26"]
[Round "1"]
[White "Perna Fraser, David"]
[Black "Yu, Zong Yang"]
[Result "1/2-1/2"]
[WhiteElo "1909"]
[BlackElo "2360"]
[PlyCount "82"]
[EventDate "2014.12.26"]
[EventType "swiss"]
[EventRounds "5"]
[EventCountry "CAN"]
[SourceTitle "EXT 2016"]
[Source "ChessBase"]
[SourceDate "2015.10.08"]
[SourceVersion "1"]
[SourceVersionDate "2015.10.08"]
[SourceQuality "1"]

1. e4 c5 2. Nf3 d6 3. d4 cxd4 4. Nxd4 Nf6 5. Nc3 Nc6 6. f3 g6 7. Be3 Bg7 8. Qd2 0-0 9. g4 Bxg4 10. fxg4 Nxg4 11. Bg1 Nxd4 12. Bxd4 Bxd4 13. Qxd4 Rc8 14. 0-0-0 Rc5 15. h3 Ne5 16. Qxc5 dxc5 17. Rxd8 Rxd8 18. Be2 Kg7 19. Rd1 Rd4 20. Rxd4 cxd4 21. Nb5 Nc6 22. c3 dxc3 23. Nxc3 Kf6 24. Kd2 Ke5 25. Ke3 e6 26. Nd1 Nd4 27. Nf2 Nxe2 28. Nd3+ Kd6 29. Kxe2 a5 30. Ke3 e5 31. a3 a4 32. Nf2 h5 33. h4 f6 34. Nd3 b6 35. Nb4 g5 36. hxg5 fxg5 37. Nd3 Ke6 38. Kf3 Kf6 39. Kg3 Ke6 40. Kf3 Kd6 41. Kg3 Ke6 1/2-1/2

[Event "Montreal CC-ch"]
[Site "Montreal"]
[Date "2014.06.15"]
[Round "4"]
[White "Cloutier, Mathieu"]
[Black "Perna Fraser, David"]
[Result "1-0"]
[WhiteElo "2031"]
[BlackElo "1811"]
[PlyCount "109"]
[EventDate "2014.06.15"]
[EventType "swiss"]
[EventRounds "5"]
[EventCountry "CAN"]
[SourceTitle "EXT 2022"]
[Source "ChessBase"]
[SourceDate "2021.10.06"]
[SourceVersion "1"]
[SourceVersionDate "2021.10.06"]
[SourceQuality "1"]

1. e4 e5 2. Nf3 Nf6 3. Nxe5 d6 4. Nf3 Nxe4 5. d4 d5 6. Bd3 Bd6 7. 0-0 0-0 8. c4 c6 9. Re1 Re8 10. Qb3 Nf6 11. Rxe8+ Qxe8 12. Nc3 dxc4 13. Bxc4 Nbd7 14. Bd2 Nb6 15. Re1 Qf8 16. Bd3 Bg4 17. Ng5 Bh5 18. Nce4 Nxe4 19. Bxe4 h6 20. Qh3 hxg5 21. Qxh5 f5 22. Bc2 Bb4 23. Bxb4 Qxb4 24. Re8+ Rxe8 25. Qxe8+ Qf8 26. Qe6+ Qf7 27. Bxf5 Qxe6 28. Bxe6+ Kf8 29. Kf1 Ke7 30. Bb3 Kf6 31. Ke2 Nc8 32. Ke3 Nd6 33. Bc2 Ke6 34. b3 a5 35. Be4 Ke7 36. a4 Ke6 37. f4 gxf4+ 38. Kxf4 g5+ 39. Ke3 Kf6 40. h3 Ke6 41. g3 Kf6 42. h4 gxh4 43. gxh4 Nf7 44. Kf4 Nd6 45. h5 Kg7 46. Bd3 Kh6 47. Bg6 b5 48. Ke5 Nb7 49. Be8 bxa4 50. bxa4 c5 51. d5 c4 52. Kd4 Nd6 53. Bg6 Kg7 54. Kc5 Nc8 55. d6 1-0

[Event "Quebec op U2000"]
[Site "Montreal"]
[Date "2013.07.24"]
[Round "5"]
[White "Perna Fraser, David"]
[Black "Brodie, Hugh"]
[Result "1/2-1/2"]
[WhiteElo "1815"]
[BlackElo "1913"]
[PlyCount "82"]
[EventDate "2013.07.21"]
[EventType "swiss"]
[EventRounds "9"]
[EventCountry "CAN"]
[SourceTitle "EXT 2022"]
[Source "ChessBase"]
[SourceDate "2021.10.06"]
[SourceVersion "1"]
[SourceVersionDate "2021.10.06"]
[SourceQuality "1"]

1. d4 e6 2. c4 f5 3. Nc3 Nf6 4. Nf3 b6 5. g3 Bb7 6. Bg2 Bb4 7. 0-0 0-0 8. Bg5 Bxc3 9. bxc3 Qe8 10. Bxf6 Rxf6 11. Ne5 Bxg2 12. Kxg2 d6 13. Nf3 Nd7 14. Qb3 Kh8 15. Rae1 e5 16. e4 f4 17. Qb5 Nf8 18. Qxe8 Rxe8 19. c5 Nd7 20. cxd6 cxd6 21. dxe5 dxe5 22. Rd1 Rf7 23. Rd5 h6 24. Rfd1 Ree7 25. Nh4 Nf8 26. Rd8 Kh7 27. Nf5 Re6 28. f3 fxg3 29. hxg3 Rc6 30. R1d3 Ne6 31. R8d6 Rfc7 32. Rxc6 Rxc6 33. Rd6 Rxd6 34. Nxd6 Nd8 35. Kh3 Kg6 36. Kh4 Nc6 37. f4 Kf6 38. f5 g6 39. Ne8+ Kf7 40. Nd6+ Kf6 41. Ne8+ Kf7 1/2-1/2

[Event "Quebec op U2000"]
[Site "Montreal"]
[Date "2012.07.27"]
[Round "8"]
[White "Gauthier, Luc"]
[Black "Perna Fraser, David"]
[Result "0-1"]
[WhiteElo "1755"]
[BlackElo "1701"]
[PlyCount "90"]
[EventDate "2012.07.21"]
[EventType "swiss"]
[EventRounds "9"]
[EventCountry "CAN"]
[SourceTitle "EXT 2022"]
[Source "ChessBase"]
[SourceDate "2021.10.06"]
[SourceVersion "1"]
[SourceVersionDate "2021.10.06"]
[SourceQuality "1"]

1. e4 e5 2. Nc3 Nf6 3. f4 d5 4. fxe5 Nxe4 5. d3 Qh4+ 6. g3 Nxc3 7. bxc3 Qe7 8. d4 Nc6 9. a4 Be6 10. Ba3 Qd7 11. Nf3 Bxa3 12. Rxa3 Bh3 13. Bxh3 Qxh3 14. Ng5 Qf5 15. Nf3 Na5 16. 0-0 0-0 17. Qd3 Qxd3 18. cxd3 Nc6 19. Rb3 b6 20. Rb2 Rae8 21. Re2 Re6 22. Rfe1 f6 23. c4 Nb4 24. cxd5 Nxd5 25. exf6 Rxe2 26. Rxe2 gxf6 27. Rc2 Rf7 28. a5 Nb4 29. Rc4 bxa5 30. Rc5 Nxd3 31. Rxa5 c6 32. Kf1 Nb4 33. Rc5 Rd7 34. Ke2 Kf7 35. Kd2 Rd5 36. Kc3 Rxc5+ 37. dxc5 Nd5+ 38. Kc4 Ke7 39. Nd4 Kd7 40. Nf5 a5 41. Kb3 Nb4 42. Ka4 Nd3 43. Kxa5 Nxc5 44. Kb4 Ne4 45. Kc4 Nd6+ 0-1

[Event "Montreal Transcontinental 7 A"]
[Site "Montreal"]
[Date "2012.05.05"]
[Round "3"]
[White "Cloutier, Mathieu"]
[Black "Perna Fraser, David"]
[Result "1-0"]
[WhiteElo "2096"]
[BlackElo "1679"]
[PlyCount "115"]
[EventDate "2012.05.04"]
[EventType "tourn"]
[EventRounds "5"]
[EventCountry "CAN"]
[SourceTitle "EXT 2022"]
[Source "ChessBase"]
[SourceDate "2021.10.06"]
[SourceVersion "1"]
[SourceVersionDate "2021.10.06"]
[SourceQuality "1"]

1. e4 e5 2. Nf3 Nf6 3. Nxe5 d6 4. Nf3 Nxe4 5. d4 d5 6. Bd3 Be7 7. 0-0 0-0 8. c4 c6 9. Nc3 Bf5 10. Qc2 Re8 11. Nxe4 dxe4 12. Bxe4 Bxe4 13. Qxe4 Bf6 14. Qd3 Nd7 15. Be3 Nc5 16. Qc2 Ne6 17. Rad1 Qc7 18. d5 cxd5 19. Rxd5 Rad8 20. Rfd1 b6 21. b3 g6 22. Qc1 Nc5 23. Bf4 Qc8 24. Rxd8 Rxd8 25. Rxd8+ Qxd8 26. Bg5 Bxg5 27. Nxg5 Qf6 28. Nf3 Nd3 29. Qd1 Nf4 30. g3 Nh3+ 31. Kg2 Ng5 32. Nxg5 Qxg5 33. Qd7 Qe5 34. Qd5 Qe7 35. a4 a5 36. Qc6 Qb4 37. Qb5 Qd6 38. Qe8+ Kg7 39. Qe3 h5 40. f3 Qc5 41. Kf2 Qb4 42. f4 f5 43. Ke2 Kf7 44. Qd3 Qe7+ 45. Kd2 Qb4+ 46. Kc2 Qe1 47. Qd7+ Kf6 48. Qc6+ Kg7 49. Qf3 Qg1 50. h4 Kh6 51. Kb2 Qe1 52. Qc3 Qf2+ 53. Ka3 Qc5+ 54. Ka2 Qf2+ 55. Qb2 Qxb2+ 56. Kxb2 Kg7 57. b4 Kf7 58. c5 1-0

[Event "Montreal Pere Noel"]
[Site "Montreal"]
[Date "2011.12.30"]
[Round "5"]
[White "Perna Fraser, David"]
[Black "Cardin, Guillaume"]
[Result "1-0"]
[WhiteElo "1623"]
[BlackElo "1960"]
[PlyCount "73"]
[EventDate "2011.12.26"]
[EventType "swiss"]
[EventRounds "5"]
[EventCountry "CAN"]
[SourceTitle "EXT 2022"]
[Source "ChessBase"]
[SourceDate "2021.10.06"]
[SourceVersion "1"]
[SourceVersionDate "2021.10.06"]
[SourceQuality "1"]

1. e4 c5 2. Nf3 e6 3. d4 cxd4 4. Nxd4 a6 5. Nc3 b5 6. Bd3 Bc5 7. Be3 Qb6 8. Nce2 Nc6 9. c3 Nf6 10. b4 Bxd4 11. Nxd4 Qc7 12. Rc1 Ne5 13. f3 Bb7 14. 0-0 Nc4 15. Bxc4 Qxc4 16. Nb3 d5 17. Na5 Qc7 18. Nxb7 Qxb7 19. e5 Nd7 20. f4 0-0 21. Qg4 Kh8 22. Rf3 a5 23. Rg3 Rg8 24. Rh3 Nf8 25. Bc5 axb4 26. cxb4 Rxa2 27. Bxf8 Rxf8 28. Rg3 g6 29. h4 Rc8 30. Rf1 Qa7+ 31. Kh2 Ra3 32. Qg5 Rxg3 33. Qf6+ Kg8 34. Kxg3 Qd7 35. Ra1 d4 36. h5 d3 37. h6 1-0